00555nam a2200181Ia 4500008004100000020000700041082001200048100005300060245002800113250000800141260003300149300001100182600003300193650001200226942000800238952011000246999001700356241115s9999 xx 000 0 und d aNA a530 HAL aHalliday, David; Walker, Jearl ; Resnick, Robert 0aFundamentals of Physics a6th aNew York:bJohn Wiley,c2002 a1144p. aHumanities & Natural Science aPhysics cBBD 001040708BB-HUMaUITUbUITUd2004-11-02eF.B.Cg100.00l0pBB933r2024-11-15 09:47:20w0000-00-00yBBD c25426d25426